Elementos de sociología / (Registro nro. 102208)

Detalles MARC
000 -LEADER
campo de control de longitud fija 00663nam a2200217 i 4500
001 - NÚMERO DE CONTROL
campo de control 102208
003 - IDENTIFICADOR DE NÚMERO DE CONTROL
campo de control ES-MaACL
005 - FECHA Y HORA DE LA ÚLTIMA TRANSACCIÓN
campo de control 20230906183049.0
007 - CAMPO FIJO DE DESCRIPCIÓN FÍSICA--INFORMACIÓN GENERAL
campo de control de longitud fija t|
008 - DATOS DE LONGITUD FIJA--INFORMACIÓN GENERAL
campo de control de longitud fija 051107s1968 sp ||||1| spa d
100 1# - ENTRADA PRINCIPAL--NOMBRE DE PERSONA
Nombre de persona Mendras, Henri.
9 (RLIN) 80272
245 10 - MENCIÓN DEL TÍTULO
Título Elementos de sociología /
Mención de responsabilidad, etc. Henri Mendras; [traducido del francés por Juan A. Méndez].
250 ## - MENCION DE EDICION
Mención de edición [1ª ed.].
260 ## - PUBLICACIÓN, DISTRIBUCIÓN, ETC.
Lugar de publicación, distribución, etc. Barcelona :
Nombre del editor, distribuidor, etc. Centro de Cultura,
Fecha de publicación, distribución, etc. 1968.
300 ## - DESCRIPCIÓN FÍSICA
Extensión 294 p ;
Dimensiones 21 cm.
490 1# - MENCIÓN DE SERIE
Mención de serie Papeles sociales ;
Designación de volumen o secuencia 15
700 1# - ENTRADA AGREGADA--NOMBRE PERSONAL
Nombre de persona Méndez, Juan Antonio.
9 (RLIN) 80123
830 0# - PUNTO DE ACCESO ADICIONAL DE SERIE-TÍTULO UNIFORME
Título uniforme Papeles sociales ;
Designación de volumen o secuencia 15
9 (RLIN) 193524
852 ## - LOCALIZACIÓN
Ubicación ES-MaACL
Número de control de estantería C-30307
Sublocalización o colección R.67448
Existencias
Estatus retirado Estado de pérdida Estado de daño No para préstamo Biblioteca de origen Biblioteca actual Ubicación en estantería Fecha de adquisición Fuente de adquisición Total de préstamos Signatura topográfica completa Código de barras Visto por última vez Precio de reemplazo Tipo de ítem Koha
        Biblioteca del Ateneo de Madrid Biblioteca del Ateneo de Madrid Depósito 2 17/01/2008     C-30307 1106694 23/02/2023 23/02/2023 Libro impreso